000 00286nam a22001217a 4500
008 131202t xxu||||| |||| 00| 0 eng d
020 _a9788181912268
040 _aASAB
_cASAB
100 _aV V Pillay
_9352
245 _aComprehensive Medical Toxicology
300 _a340
942 _2ddc
_cBK
999 _c16621
_d16621